Landen met 5 letters - Statistieken

Algemene statistieken
  • Deze quiz is 476 keer genomen
  • De gemiddelde score is 13 van 21
Antwoordstatistieken
Country % Correct
Chili
85%
China
74%
Japan
68%
Jemen
68%
Malta
66%
Polen
66%
Libië
65%
Haïti
64%
India
63%
Tonga
63%
Palau
62%
Ghana
61%
Nauru
61%
Nepal
59%
Benin
58%
Niger
58%
Samoa
58%
Qatar
55%
Syrië
54%
Gabon
47%
Kenia
44%
Geen overeenkomende quizzen gevonden
Scoreverdeling
Procent van Mensen met Elke Score
Percentiel versus Aantal Correcte Antwoorden
Uw Scoregeschiedenis
U heeft deze quiz nog niet genomen